000 00432pam a2200145a 44500
008 230405s xxu||||| |||| 00| 0 eng d
041 _aENG
100 _aWHO
245 _aQUALITY ASSURANCE OF PHARMACEUTICALS [ A COMPENDIUM OF GUIDELINES AND RELATED MODERIALS] VOL II
250 _a1948
260 _aGENEVA
_bWORLD HEALTH ORGANIZATION PUBLICATION GENEVA
_c
300 _a196
650 _aPHARMACEUTICAL CHEMISTRY
906 _a1039
999 _c266478
_d266478